Seis sombreros para pensar /
Obra que aporta elementos para mejorar la comunicación y la toma de decisiones, a partir de un pensamiento más creativo y más claro. Tal pensamiento se logra dando el valor exacto en el momento oportuno a los distintos elementos que intervienen en el proceso.
محفوظ في:
| المؤلف الرئيسي: | |
|---|---|
| التنسيق: | كتاب |
| اللغة: | الإسبانية |
| منشور في: |
Buenos Aires, Argentina :
Paidós,
2013, c2012
|
| سلاسل: | (Biblioteca Edward de Bono)
|
| الموضوعات: | |
| الوسوم: |
لا توجد وسوم, كن أول من يضع وسما على هذه التسجيلة!
|
MARC
| LEADER | 00000nam^a2200000^a^4500 | ||
|---|---|---|---|
| 001 | 000400824 | ||
| 005 | 20250521000000.0 | ||
| 008 | 131113 20112011 | ||
| 009 | 20260310121630.429 | ||
| 020 | |a 978-607-9202-07-1 | ||
| 037 | |a Acervo ITESO - Biblioteca | ||
| 041 | |a ESP | ||
| 082 | |a 153. 42 |b BON | ||
| 100 | |a Bono, Edward De |e (autor) | ||
| 245 | 1 | 0 | |a Seis sombreros para pensar / |c E. De Bono ; tr. por Remedios Diéguez. |
| 264 | 4 | |a Buenos Aires, Argentina : |b Paidós, |c 2013, c2012 | |
| 300 | |a 247 p. | ||
| 336 | |a texto |b txt |2 rdacontenido | ||
| 337 | |a sin mediación |b n |2 rdamedio | ||
| 338 | |a volumen |b nc |2 rdasoporte | ||
| 440 | 1 | |a (Biblioteca Edward de Bono) | |
| 500 | |a Traducción de: Six Thinking Hats | ||
| 520 | |a Obra que aporta elementos para mejorar la comunicación y la toma de decisiones, a partir de un pensamiento más creativo y más claro. Tal pensamiento se logra dando el valor exacto en el momento oportuno a los distintos elementos que intervienen en el proceso. | ||
| 649 | |a XX | ||
| 650 | |a Toma de Decisiones - |x Tema Principal | ||
| 650 | |a Proceso Administrativo - |x Dirección | ||
| 650 | |a Creatividad - |x Tema Principal | ||
| 650 | |a Pensamiento Lateral - |x Tema Principal | ||
| 650 | |a Pensamiento | ||
| 650 | |a Psicología Cognitiva | ||
| 650 | |a Psicología Laboral | ||
| 650 | |a Psicología | ||
| 910 | |a Fondo General | ||
| 920 | |a Impresos - Libros | ||
| 930 | |a Colección General | ||
| 905 | |a 101 | ||
| 901 | |a 0500296049 |b IT1 |c ACC |i d82418 |u 20250521 | ||
| 902 | |a https://opac.biblio.iteso.mx/vufind/Record/000400824 | ||